000 01589nam a2200493 i 4500
001 32489
003 KOSZ 005
005 20221006113622.0
008 980713s1997 pl |000 0 pol
015 _aUWD 1997/8396
020 _a8390655160
035 _a991004937319705066
035 _a(PL-WaBN)b11298133-48omnis_nlop
035 _ab11298133
035 _a(OCoLC)749446305
035 _azz2004925597
035 _a(PL)b0000001129813
035 _a(EXLNZ-48OMNIS_NETWORK)9910107189505606
040 _aWA N
_cWA N
_dKOSZ 005/HR
046 _k1997
080 _a346(438)
080 _a(075.8)
100 1 _aOlszewski, Jan
_d(1960- )
_eAutor
245 1 0 _aPrawo gospodarcze dla menedżerów /
_cJan Olszewski.
250 _aStan prawny kwiecień 1997.
260 _aRzeszów :
_bWydaw. Szkoły Języków i Zarządzania "Promar-International",
_c1997.
300 _a208 s. ;
_c23 cm.
336 _aTekst
_btxt
_2rdacontent
337 _aBez urządzenia pośredniczącego
_bn
_2rdamedia
338 _aWolumin
_bnc
_2rdacarrier
380 _aKsiążki
388 _a1901-2000
388 _a1989-2000
490 1 _aSkuteczne Zarządzanie
504 _aBibliogr. przy rozdz.
650 7 _aPrawo gospodarcze
_2DBN
651 7 _aPolska
_2DBN
655 7 _aPodręczniki akademickie
_2DBN
658 _aPrawo i wymiar sprawiedliwości
830 0 _aSkuteczne Zarządzanie
856 _uhttp://koha.tu.koszalin.pl/cgi-bin/koha/opac-detail.pl?biblionumber=32489
_yKatalog online BPK
942 _2UKD
_cKS
999 _c32489
_d32489